| 000 | 00570nam a22002057a 4500 | ||
|---|---|---|---|
| 005 | 20230925133058.0 | ||
| 008 | 230818b |||||||| |||| 00| 0 eng d | ||
| 020 |
_a9788173042898 _cRs.220.00 |
||
| 040 | _aLoreto college | ||
| 041 | _aEnglish | ||
| 082 |
_a954.01 _bSHA |
||
| 100 | _aSharma,Ram Sharan | ||
| 245 |
_aAdvent of the aryans in India _cRam Sharan Sharma |
||
| 260 |
_aNew Delhi _bManohar _c2017 |
||
| 300 |
_a130p. _b21cm. |
||
| 504 | _aIncludes bibliographical references and index | ||
| 650 | _aAryans-History,India | ||
| 850 | _aLCLIB | ||
| 942 | _cBK | ||
| 999 |
_c43510 _d93989 |
||